Les 50 pays les plus touchés par le terrorisme - Statistiques

Statistiques générales
  • Ce quiz a été pris 846 fois
  • Le résultat moyen est 31 sur 50
Statistiques - réponses
Rang Pays % Correct
34 France
98%
28 Etats-Unis
95%
2 Irak
90%
43 Russie
88%
27 Iran
87%
30 Israël
86%
38 Algérie
85%
1 Afghanistan
84%
5 Syrie
83%
32 Allemagne
80%
15 Egypte
80%
31 Royaume-Uni
80%
12 Inde
78%
23 Turquie
78%
10 Pakistan
77%
47 Canada
76%
49 Italie
76%
7 Mali
75%
37 Tunisie
74%
26 Libye
73%
17 RD Congo
73%
8 Niger
71%
21 Yémen
71%
3 Somalie
69%
50 Liban
68%
6 Nigeria
67%
24 Indonésie
59%
19 Tchad
59%
48 Ethiopie
58%
14 Colombie
56%
39 Bangladesh
51%
4 Burkina Faso
49%
11 Cameroun
48%
45 Venezuela
48%
29 Grèce
47%
20 Kenya
47%
41 Côte d'ivoire
46%
22 Thaïlande
45%
35 Tanzanie
42%
13 Mozambique
41%
16 Philippines
41%
9 Birmanie
40%
18 Chili
40%
36 Pérou
39%
44 Ouganda
37%
33 Népal
32%
46 Tadjikistan
32%
25 Sri Lanka
30%
42 Burundi
28%
40 Nouvelle-Zélande
28%
Aucun quiz correspondant
Distribution des résultats
% des personnes avec chaque résultat
Percentile par nombre de réponses
Votre historique - résultats
Vous n’avez pas pris ce quiz